[Event "Budapest FS07 IM"]
[Site "Budapest"]
[Date "2025.07.07"]
[Round "3"]
[White "Singh, Siddharth"]
[Black "Baranyai Molnar, Adam Kristof"]
[Result "1/2-1/2"]
[WhiteElo "2280"]
[BlackElo "2293"]
[PlyCount "92"]
[EventDate "2025.07.05"]
[EventType "tourn"]
[EventRounds "9"]
[EventCountry "HUN"]
[SourceTitle "CB29_2025"]
[SourceDate "2025.07.16"]
[SourceVersion "1"]
[SourceVersionDate "2025.07.16"]
[SourceQuality "1"]

1. e4 c5 2. Nf3 e6 3. d4 cxd4 4. Nxd4 a6 5. c4 Nf6 6. Nc3 Qc7 7. a3 b6 8. f4 Bb7 9. Bd3 Nc6 10. Nxc6 Qxc6 11. Qe2 Bc5 12. Be3 h5 13. 0-0-0 b5 14. cxb5 axb5 15. Bxb5 Qb6 16. Bxc5 Qxc5 17. Kb1 0-0 18. e5 Nd5 19. Nxd5 Bxd5 20. Rc1 Qb6 21. Rc3 Rfb8 22. Bd3 Qd4 23. Qd2 g6 24. Rhc1 Kg7 25. g3 Rb7 26. Ka1 Rab8 27. R1c2 Rb3 28. Rxb3 Rxb3 29. Rc3 Rb8 30. Qe2 h4 31. Bb1 hxg3 32. hxg3 Rh8 33. Qe3 Qd1 34. Rd3 Qf1 35. Rd2 Rh1 36. Qd3 Qxd3 37. Rxd3 Be4 38. Ka2 Bxd3 39. Bxd3 Kf8 40. a4 Rd1 41. a5 Rxd3 42. a6 Rd4 43. b3 Rd2+ 44. Ka3 Rd1 45. Kb2 Rd2+ 46. Ka3 Rd1 1/2-1/2

[Event "Balatonlelle Rigo Memorial IM-A 4th"]
[Site "Balatonlelle"]
[Date "2025.06.25"]
[Round "6"]
[White "Singh, Siddharth"]
[Black "Ilincic, Zlatko"]
[Result "0-1"]
[WhiteElo "2282"]
[BlackElo "2247"]
[PlyCount "88"]
[EventDate "2025.06.21"]
[EventType "tourn"]
[EventRounds "9"]
[EventCountry "HUN"]
[SourceTitle "CB27_2025"]
[SourceDate "2025.07.02"]
[SourceVersion "1"]
[SourceVersionDate "2025.07.02"]
[SourceQuality "1"]

1. e4 c5 2. Nf3 d6 3. d4 cxd4 4. Nxd4 a6 5. c4 b6 6. Nc3 Bb7 7. Be3 e6 8. f3 Nd7 9. Qa4 h5 10. 0-0-0 Ngf6 11. Kb1 Qc7 12. g3 Be7 13. h3 g6 14. Rg1 Kf8 15. g4 hxg4 16. hxg4 Rh2 17. Rg2 Rxg2 18. Bxg2 Ne5 19. Bf1 Rc8 20. Rc1 Kg7 21. Qd1 Qd8 22. b3 Nfd7 23. Qd2 g5 24. Be2 Ng6 25. Rh1 Nh4 26. Nc2 Ng2 27. Bd4+ Ne5 28. Bf1 Nh4 29. Qe3 Qh8 30. Be2 Bf6 31. Bxb6 Nc6 32. Qd2 Kg8 33. Nd1 Be7 34. Be3 Qg7 35. Nd4 Ne5 36. Rh2 Nhxf3 37. Nxf3 Bxe4+ 38. Kc1 Nxf3 39. Qc3 Bf6 40. Qa5 Nxh2 41. Qxa6 Ra8 42. Qxd6 Rd8 43. Qxh2 Bb2+ 44. Nxb2 Qc3# 0-1

[Event "Balatonlelle Rigo Memorial IM-A 4th"]
[Site "Balatonlelle"]
[Date "2025.06.21"]
[Round "1"]
[White "Singh, Siddharth"]
[Black "Schneider, Jana"]
[Result "1/2-1/2"]
[WhiteElo "2282"]
[BlackElo "2308"]
[PlyCount "74"]
[EventDate "2025.06.21"]
[EventType "tourn"]
[EventRounds "9"]
[EventCountry "HUN"]
[SourceTitle "CB27_2025"]
[SourceDate "2025.07.02"]
[SourceVersion "1"]
[SourceVersionDate "2025.07.02"]
[SourceQuality "1"]

1. e4 c5 2. Nf3 g6 3. d4 cxd4 4. Nxd4 Nc6 5. c4 Nf6 6. Nc3 d6 7. Be2 Nxd4 8. Qxd4 Bg7 9. 0-0 0-0 10. Qd3 Bg4 11. f3 Be6 12. Be3 Qa5 13. Rac1 Rfc8 14. b3 Nd7 15. Rfd1 Bxc3 16. Qxc3 Qxc3 17. Rxc3 b5 18. Rdc1 b4 19. R3c2 Nc5 20. Bxc5 Rxc5 21. a4 f5 22. exf5 gxf5 23. Bf1 Kf7 24. Kf2 Kf6 25. Re1 Bf7 26. Ke3 Rac8 27. f4 Be8 28. Bd3 Bc6 29. Kd4 Ra5 30. g3 e5+ 31. Ke3 Re8 32. Rcc1 h6 33. Rcd1 Re6 34. Kf2 Rc5 35. fxe5+ Rcxe5 36. Rxe5 Rxe5 37. Rd2 Ke6 1/2-1/2

[Event "Budapest FS06 IM"]
[Site "Budapest"]
[Date "2025.06.09"]
[Round "3"]
[White "Singh, Siddharth"]
[Black "Seres, Lajos"]
[Result "0-1"]
[WhiteElo "2282"]
[BlackElo "2279"]
[PlyCount "90"]
[EventDate "2025.06.07"]
[EventType "tourn"]
[EventRounds "9"]
[EventCountry "HUN"]
[SourceTitle "CB26_2025"]
[SourceDate "2025.06.25"]
[SourceVersion "1"]
[SourceVersionDate "2025.06.25"]
[SourceQuality "1"]

1. e4 d5 2. exd5 Qxd5 3. Nc3 Qa5 4. d4 Nf6 5. Nf3 c6 6. Bc4 Bg4 7. h3 Bh5 8. Bd2 Qb6 9. g4 Bg6 10. Ne5 Qxd4 11. Qe2 Nbd7 12. Nxg6 hxg6 13. 0-0-0 Qe5 14. Qf1 e6 15. f4 Qc7 16. f5 gxf5 17. gxf5 e5 18. Bxf7+ Kxf7 19. Qc4+ Ke8 20. Nb5 Qc8 21. Qe6+ Kd8 22. Bg5 cxb5 23. Bxf6+ Kc7 24. Bxe5+ Nxe5 25. Qxe5+ Kb6 26. Rd5 Qc6 27. Re1 Rc8 28. c3 Rxh3 29. Red1 Re8 30. Qd4+ Bc5 31. Qxg7 Qh6+ 32. Qxh6+ Rxh6 33. b4 Bf8 34. Kc2 Rh2+ 35. R1d2 Rxd2+ 36. Rxd2 Re5 37. Rf2 Kc6 38. Kb3 Re3 39. f6 Kd6 40. Rd2+ Kc7 41. Rf2 Kd7 42. Rf5 a6 43. Rh5 Rf3 44. Rh7+ Kc6 45. f7 Kd7 0-1

[Event "Budapest FS04 IM"]
[Site "Budapest"]
[Date "2025.04.12"]
[Round "9"]
[White "Singh, Siddharth"]
[Black "Papp, Levente"]
[Result "1/2-1/2"]
[WhiteElo "2281"]
[BlackElo "2376"]
[PlyCount "79"]
[EventDate "2025.04.05"]
[EventType "tourn"]
[EventRounds "9"]
[EventCountry "HUN"]
[SourceTitle "CB16_2025"]
[SourceDate "2025.04.16"]
[SourceVersion "1"]
[SourceVersionDate "2025.04.16"]
[SourceQuality "1"]

1. e4 e6 2. d4 d5 3. Nc3 Bb4 4. e5 c5 5. a3 Ba5 6. Qg4 Kf8 7. dxc5 d4 8. b4 Bc7 9. Nb5 Bxe5 10. Bb2 Nc6 11. Rd1 Bf6 12. Nd6 Nh6 13. Qe4 Nf5 14. Nxc8 Rxc8 15. Nf3 Qe7 16. Bb5 h5 17. Bxc6 bxc6 18. Nxd4 Bxd4 19. Bxd4 Rh6 20. Be5 Kg8 21. 0-0 Rg6 22. Rd3 Rg4 23. Qe2 Rd8 24. h3 Rg6 25. Rxd8+ Qxd8 26. Rd1 Qg5 27. Qe4 Nh4 28. Bg3 Nxg2 29. Kxg2 h4 30. Rd3 Qh6 31. Qxc6 hxg3 32. fxg3 Qc1 33. Rf3 f5 34. Rxf5 exf5 35. Qxg6 Qxc2+ 36. Kf3 Qe4+ 37. Kf2 Qc2+ 38. Kf3 Qe4+ 39. Kf2 Qc2+ 40. Kf3 1/2-1/2

[Event "Budapest FS04 IM"]
[Site "Budapest"]
[Date "2025.04.11"]
[Round "8"]
[White "Lau, Lut Yin Luke"]
[Black "Singh, Siddharth"]
[Result "1/2-1/2"]
[WhiteElo "2239"]
[BlackElo "2281"]
[PlyCount "141"]
[EventDate "2025.04.05"]
[EventType "tourn"]
[EventRounds "9"]
[EventCountry "HUN"]
[SourceTitle "CB16_2025"]
[SourceDate "2025.04.16"]
[SourceVersion "1"]
[SourceVersionDate "2025.04.16"]
[SourceQuality "1"]

1. e4 e6 2. d4 d5 3. Nd2 c5 4. Ngf3 cxd4 5. Nxd4 Nc6 6. Bb5 Bd7 7. Nxc6 bxc6 8. Bd3 Bd6 9. Qe2 e5 10. 0-0 Qe7 11. c4 d4 12. c5 Bxc5 13. Nc4 Nf6 14. f4 Ng4 15. h3 Ne3 16. Nxe3 dxe3 17. Bxe3 exf4 18. Rxf4 Bxe3+ 19. Qxe3 0-0 20. Rc1 a5 21. Qc5 Qxc5+ 22. Rxc5 a4 23. a3 Rfb8 24. Bc4 Be8 25. Rf2 Ra7 26. e5 Kf8 27. Bd3 Rab7 28. Bxh7 Rxb2 29. Rxb2 Rxb2 30. Bc2 Ra2 31. Bxa4 Rxa3 32. Bxc6 Bxc6 33. Rxc6 Ra5 34. e6 fxe6 35. Rxe6 Kf7 36. Re2 Ra3 37. Kh2 Rb3 38. Re4 Ra3 39. Rf4+ Kg6 40. Rf3 Ra2 41. h4 Kh6 42. Kh3 Ra1 43. Rb3 Rh1+ 44. Kg4 Ra1 45. Rb4 Ra5 46. g3 Ra8 47. Kh3 Ra3 48. Rb5 Rc3 49. h5 g6 50. hxg6 Kxg6 51. Kh4 Rc6 52. g4 Rc7 53. Rb6+ Kg7 54. Kh5 Ra7 55. g5 Rc7 56. Rg6+ Kh7 57. Rd6 Kg7 58. Re6 Ra7 59. Re5 Rb7 60. Kg4 Kg6 61. Re6+ Kg7 62. Kf5 Rb5+ 63. Re5 Rxe5+ 64. Kxe5 Kg6 65. Kf4 Kg7 66. Kf5 Kf7 67. g6+ Kg7 68. Kg5 Kg8 69. Kh6 Kh8 70. g7+ Kg8 71. Kg6 1/2-1/2

[Event "Titled Tuesday intern op 01st Apr Late"]
[Site "Chess.com INT"]
[Date "2025.04.01"]
[Round "3"]
[White "Gutierrez Olivares, Daniel"]
[Black "Singh, Siddharth"]
[Result "1/2-1/2"]
[WhiteElo "2354"]
[BlackElo "2281"]
[PlyCount "113"]
[EventDate "2025.04.01"]
[EventType "swiss (blitz)"]
[EventRounds "11"]
[EventCountry "USA"]
[SourceTitle "CB15_2025"]
[SourceDate "2025.04.09"]
[SourceVersion "1"]
[SourceVersionDate "2025.04.09"]
[SourceQuality "1"]

1. Nf3 Nf6 2. g3 c5 3. Bg2 Nc6 4. 0-0 e5 5. d3 d5 6. Nbd2 Be7 7. e4 0-0 8. a4 Re8 9. exd5 Nxd5 10. Re1 Bf8 11. Nc4 f6 12. c3 Bg4 13. Qb3 Qd7 14. Ne3 Be6 15. Nxe5 Nxe5 16. Nxd5 Nxd3 17. Rd1 Nxc1 18. Raxc1 Qf7 19. c4 Rad8 20. Nf4 Rxd1+ 21. Qxd1 Kh8 22. Nxe6 Qxe6 23. Bxb7 Qb6 24. Bd5 Qxb2 25. Rb1 Qc3 26. Qh5 g6 27. Qh4 Re1+ 28. Rxe1 Qxe1+ 29. Kg2 Qe5 30. Qe4 Qxe4+ 31. Bxe4 f5 32. Bd5 Kg7 33. f4 Kf6 34. Kf3 h6 35. h3 Bd6 36. g4 g5 37. fxg5+ hxg5 38. gxf5 Kxf5 39. Be4+ Kf6 40. Bd5 Be5 41. Ke4 Bd4 42. Kf3 Kf5 43. Be4+ Ke5 44. Bd5 Bc3 45. Kg4 Bd2 46. a5 a6 47. Bb7 Kf6 48. Bxa6 Bxa5 49. Bb7 Bd2 50. Bd5 Bc3 51. Kg3 Be1+ 52. Kg4 Bh4 53. Kf3 Be1 54. Kg4 Bh4 55. Kf3 Be1 56. Ke4 Bh4 57. Kf3 1/2-1/2

[Event "Titled Tuesday intern op 01st Apr Late"]
[Site "Chess.com INT"]
[Date "2025.04.01"]
[Round "2"]
[White "Smieszek, Wojciech"]
[Black "Singh, Siddharth"]
[Result "1-0"]
[WhiteElo "2141"]
[BlackElo "2281"]
[PlyCount "109"]
[EventDate "2025.04.01"]
[EventType "swiss (blitz)"]
[EventRounds "11"]
[EventCountry "USA"]
[SourceTitle "CB21_2025"]
[SourceDate "2025.05.21"]
[SourceVersion "1"]
[SourceVersionDate "2025.05.21"]
[SourceQuality "1"]

1. e4 c5 2. Nf3 d6 3. d4 cxd4 4. Nxd4 Nf6 5. Nc3 a6 6. Be3 e5 7. Nb3 Be7 8. Qd2 Be6 9. 0-0-0 h5 10. f4 Ng4 11. g3 Nxe3 12. Qxe3 Nd7 13. Kb1 Nf6 14. fxe5 Ng4 15. Qd2 dxe5 16. Nd5 Bg5 17. Qc3 Rc8 18. Qb4 Nf2 19. Be2 Nxh1 20. Rxh1 Bxd5 21. exd5 Qxd5 22. Rd1 Qc6 23. c3 Be7 24. Qa5 Bf6 25. Qb4 Be7 26. Qa5 Bc5 27. Nxc5 Qxc5 28. Rd8+ Ke7 29. Qxc5+ Rxc5 30. Rxh8 g6 31. Rb8 b5 32. Rb7+ Kf8 33. Rb6 e4 34. Rxa6 Rf5 35. Bxb5 Rxb5 36. Kc2 Rf5 37. b4 Rf2+ 38. Kd1 Rxh2 39. b5 Rb2 40. c4 Rb4 41. b6 Ke7 42. a3 Rb2 43. c5 Kd7 44. Ra7+ Kc6 45. Rc7+ Kd5 46. b7 Kd4 47. c6 Kd3 48. Rd7+ Kc3 49. c7 Rb1+ 50. Ke2 Rb2+ 51. Ke3 Rxb7 52. c8Q+ Kb2 53. Rxb7+ Ka1 54. Qc1+ Ka2 55. Qb2# 1-0

[Event "Budapest SixDays 03 IM-A"]
[Site "Budapest"]
[Date "2025.03.29"]
[Round "9"]
[White "Nakahara, Kan"]
[Black "Singh, Siddharth"]
[Result "1-0"]
[WhiteElo "2113"]
[BlackElo "2239"]
[PlyCount "149"]
[EventDate "2025.03.24"]
[EventType "tourn"]
[EventRounds "9"]
[EventCountry "HUN"]
[SourceTitle "CB14_2025"]
[SourceDate "2024.11.01"]
[SourceVersion "1"]
[SourceVersionDate "2024.11.01"]
[SourceQuality "1"]

1. e4 c5 2. Nf3 Nc6 3. d4 cxd4 4. Nxd4 Nf6 5. Nc3 e5 6. Ndb5 d6 7. Bg5 a6 8. Na3 b5 9. Nd5 Be7 10. Bxf6 Bxf6 11. c3 Rb8 12. Nc2 Bg5 13. g3 0-0 14. h4 Bh6 15. Bg2 Ne7 16. Ncb4 Bb7 17. Nxe7+ Qxe7 18. 0-0 Qe6 19. Qb3 a5 20. Nc2 Qg6 21. Rfe1 Ba8 22. Re2 Rfc8 23. Rd1 Bc6 24. Qa3 d5 25. exd5 b4 26. Qxa5 Bb5 27. Re4 bxc3 28. bxc3 Bd7 29. Ne3 f5 30. Rc4 f4 31. Rxc8+ Rxc8 32. Nf1 e4 33. Re1 f3 34. Bh1 Bf4 35. Qb4 Bd6 36. Qxe4 Qxe4 37. Rxe4 Rxc3 38. Ne3 Rc1+ 39. Kh2 Ra1 40. Bxf3 Rxa2 41. Kg1 Kf7 42. Bg4 Bxg4 43. Rxg4 Rd2 44. Rc4 Rd3 45. Kg2 Rd2 46. Rc2 Rd4 47. Kf3 g6 48. Ke2 Kf6 49. Rc4 Ke5 50. Rxd4 Kxd4 51. Kf3 h5 52. Ng2 Ke5 53. Nf4 Kf5 54. Kg2 Bb8 55. f3 Bd6 56. Nd3 Bc7 57. Kf2 Bb6+ 58. Kf1 Bc7 59. Kg2 Bd6 60. Nf2 Ke5 61. Ne4 Kxd5 62. Nxd6 Kxd6 63. Kf2 Ke6 64. Ke3 Ke7 65. Kf4 Kf6 66. Ke4 Ke6 67. g4 hxg4 68. fxg4 Ke7 69. Ke5 Kf7 70. Kd6 Kf6 71. g5+ Kf5 72. Ke7 Kg4 73. Kf6 Kh5 74. Kg7 Kxh4 75. Kxg6 1-0

[Event "Budapest SixDays 03 IM-A"]
[Site "Budapest"]
[Date "2025.03.28"]
[Round "8"]
[White "Singh, Siddharth"]
[Black "Md, Imran"]
[Result "0-1"]
[WhiteElo "2239"]
[BlackElo "2421"]
[PlyCount "108"]
[EventDate "2025.03.24"]
[EventType "tourn"]
[EventRounds "9"]
[EventCountry "HUN"]
[SourceTitle "CB14_2025"]
[SourceDate "2024.11.01"]
[SourceVersion "1"]
[SourceVersionDate "2024.11.01"]
[SourceQuality "1"]

1. e4 c5 2. c3 Nf6 3. e5 Nd5 4. Nf3 d6 5. Bb5+ Bd7 6. Bc4 e6 7. d4 cxd4 8. Bxd5 exd5 9. 0-0 Nc6 10. Bf4 dxe5 11. Bxe5 Nxe5 12. Nxe5 Bd6 13. Nxd7 Qxd7 14. Qxd4 0-0 15. Nd2 Rfd8 16. Nf3 Qb5 17. Qd2 Bc5 18. Rfe1 Rac8 19. Rad1 Qc4 20. b3 Qa6 21. Ne5 Qf6 22. Re2 Bxf2+ 23. Rxf2 Qxe5 24. c4 g6 25. cxd5 Rd6 26. Rf3 Re8 27. Rd3 Kg7 28. Qf2 b6 29. Qf3 Qb2 30. R3d2 Qe5 31. Qd3 h5 32. Qf3 Rf6 33. Qg3 Qxg3 34. hxg3 Rd6 35. Kf2 Re5 36. Rd4 f5 37. Kf3 Kf6 38. Ra4 a5 39. Rad4 Re7 40. b4 Rc7 41. bxa5 bxa5 42. R4d3 Rc2 43. Ra3 g5 44. Rxa5 g4+ 45. Ke3 Rxg2 46. Kd4 f4 47. Kc5 Rd8 48. d6 fxg3 49. d7 Rc2+ 50. Kd6 g2 51. Rdd5 Rd2 52. Rxd2 g1Q 53. Kc7 Qg3+ 54. Rd6+ Ke7 0-1

[Event "Budapest SixDays 03 IM-A"]
[Site "Budapest"]
[Date "2025.03.27"]
[Round "6"]
[White "Li, Yilin"]
[Black "Singh, Siddharth"]
[Result "1/2-1/2"]
[WhiteElo "1904"]
[BlackElo "2239"]
[PlyCount "72"]
[EventDate "2025.03.24"]
[EventType "tourn"]
[EventRounds "9"]
[EventCountry "HUN"]
[SourceTitle "CB14_2025"]
[SourceDate "2024.11.01"]
[SourceVersion "1"]
[SourceVersionDate "2024.11.01"]
[SourceQuality "1"]

1. e4 c5 2. Nf3 Nc6 3. Bb5 e5 4. Bxc6 dxc6 5. d3 Bd6 6. a4 a5 7. Nbd2 f6 8. Nc4 Bc7 9. Nh4 Ne7 10. Qh5+ g6 11. Qh6 Kf7 12. 0-0 g5 13. Nf3 Ng6 14. h4 gxh4 15. Nxh4 Rg8 16. Qxh7+ Rg7 17. Qh5 Qh8 18. Qxh8 Nxh8 19. Ne3 Ng6 20. Nef5 Nxh4 21. Nxh4 Bh3 22. Re1 Rh8 23. Kf1 Rxh4 24. gxh3 Rxh3 25. Be3 b6 26. Ke2 Rh4 27. Rh1 Rgh7 28. Rxh4 Rxh4 29. b3 Bd6 30. Kf3 Bf8 31. Bd2 Bh6 32. Bc3 Bg5 33. Kg2 Rg4+ 34. Kf3 Rf4+ 35. Kg2 Rg4+ 36. Kf3 Rf4+ 1/2-1/2

[Event "Budapest SixDays 03 IM-A"]
[Site "Budapest"]
[Date "2025.03.25"]
[Round "2"]
[White "Kustar, Sandor"]
[Black "Singh, Siddharth"]
[Result "0-1"]
[WhiteElo "2231"]
[BlackElo "2239"]
[PlyCount "54"]
[EventDate "2025.03.24"]
[EventType "tourn"]
[EventRounds "9"]
[EventCountry "HUN"]
[SourceTitle "CB14_2025"]
[SourceDate "2024.11.01"]
[SourceVersion "1"]
[SourceVersionDate "2024.11.01"]
[SourceQuality "1"]

1. Nf3 c5 2. c4 Nf6 3. d4 cxd4 4. Nxd4 Nc6 5. Nc3 e6 6. a3 Bc5 7. Nb3 Bb6 8. c5 Bc7 9. Nb5 0-0 10. Nxc7 Qxc7 11. Bg5 Ne4 12. Be3 Rd8 13. f3 Nf6 14. Bf2 d5 15. cxd6 Rxd6 16. Qc2 e5 17. Rc1 Be6 18. Nc5 Nd4 19. Qc3 Rc6 20. Bg3 Rc8 21. b4 b6 22. e3 Nb3 23. Rd1 bxc5 24. b5 Rd6 25. Rxd6 Qxd6 26. Bxe5 Qd8 27. Bd3 c4 0-1

[Event "Budapest One Week IM-A 03"]
[Site "Budapest"]
[Date "2025.03.21"]
[Round "7"]
[White "Singh, Siddharth"]
[Black "Horvath, David G"]
[Result "1/2-1/2"]
[WhiteElo "2239"]
[BlackElo "2279"]
[PlyCount "84"]
[EventDate "2025.03.17"]
[EventType "tourn"]
[EventRounds "9"]
[EventCountry "HUN"]
[SourceTitle "CB13_2025"]
[SourceDate "2025.03.26"]
[SourceVersion "1"]
[SourceVersionDate "2025.03.26"]
[SourceQuality "1"]

1. e4 c6 2. d4 d5 3. e5 Bf5 4. Nf3 e6 5. Be2 c5 6. c3 Nc6 7. 0-0 cxd4 8. Nxd4 Nge7 9. Bb5 Qc7 10. Na3 Be4 11. Ba4 a6 12. Re1 Nc8 13. Nxc6 bxc6 14. Be3 Bxa3 15. bxa3 0-0 16. Bc5 Rd8 17. h4 h6 18. Qd4 Rb8 19. Re3 Rb2 20. Bb3 Rb1+ 21. Rxb1 Bxb1 22. Rg3 Bf5 23. h5 Qd7 24. Qh4 Kh8 25. Qb4 Rg8 26. a4 Qc7 27. Qd4 Ne7 28. Bd6 Qd7 29. Rf3 Nc8 30. Bc5 Be4 31. Rf4 Rd8 32. a5 Kg8 33. Ba4 Qc7 34. Bb6 Nxb6 35. axb6 Qb8 36. f3 f6 37. Qe3 fxe5 38. Rg4 Bf5 39. Rb4 Qd6 40. g4 c5 41. Rb2 Bh7 42. b7 e4 1/2-1/2

[Event "Budapest One Week IM-A 03"]
[Site "Budapest"]
[Date "2025.03.19"]
[Round "4"]
[White "Turzo, Attila"]
[Black "Singh, Siddharth"]
[Result "0-1"]
[WhiteElo "2272"]
[BlackElo "2239"]
[PlyCount "146"]
[EventDate "2025.03.17"]
[EventType "tourn"]
[EventRounds "9"]
[EventCountry "HUN"]
[SourceTitle "CB13_2025"]
[SourceDate "2025.03.26"]
[SourceVersion "1"]
[SourceVersionDate "2025.03.26"]
[SourceQuality "1"]

1. d4 Nf6 2. Nf3 d5 3. Bf4 c5 4. e3 Nc6 5. c3 Qb6 6. Qb3 c4 7. Qc2 Bf5 8. Qc1 Nh5 9. Bg3 Nxg3 10. hxg3 g6 11. Nbd2 h5 12. Be2 Bh6 13. 0-0 0-0 14. Bd1 Qc7 15. Bc2 Bxc2 16. Qxc2 f5 17. b3 b5 18. bxc4 bxc4 19. Qa4 Bg7 20. Nxc4 dxc4 21. Qxc4+ e6 22. Ng5 Rfe8 23. Nxe6 Qf7 24. Qxc6 Rac8 25. Qa4 Rxe6 26. c4 Re4 27. Rac1 g5 28. c5 h4 29. gxh4 gxh4 30. Qc4 f4 31. Qxf7+ Kxf7 32. d5 Re5 33. Rc4 Rxd5 34. Rxf4+ Bf6 35. Ra4 Rcxc5 36. Rxa7+ Kg6 37. a4 Ra5 38. Rxa5 Rxa5 39. Kh2 Rxa4 40. g3 hxg3+ 41. Kxg3 Kf5 42. Kf3 Ra8 43. Rb1 Rf8 44. Rb5+ Be5 45. Ke2 Ke6 46. Rb6+ Bd6 47. Ra6 Rb8 48. Ra2 Rb1 49. Rc2 Bb4 50. Ra2 Kd5 51. Kf3 Kc4 52. Ke4 Rh1 53. Rc2+ Bc3 54. f4 Rh8 55. Rg2 Re8+ 56. Kf3 Kd3 57. Re2 Bd2 58. e4 Bxf4 59. Ra2 Be5 60. Ra3+ Bc3 61. Ra4 Rf8+ 62. Kg4 Bd4 63. e5 Bxe5 64. Kg5 Bd4 65. Kg4 Ke4 66. Kg5 Rg8+ 67. Kh6 Ke5 68. Ra5+ Kf6 69. Ra6+ Kf5 70. Ra5+ Be5 71. Ra7 Rg2 72. Rf7+ Bf6 73. Kh7 Rh2+ 0-1

[Event "Sant Adria de Besos op 6th"]
[Site "Sant Adria de Besos"]
[Date "2024.08.11"]
[Round "1"]
[White "Brugarolas Manzaneque, Carlos"]
[Black "Singh, Siddharth"]
[Result "0-1"]
[WhiteElo "1917"]
[BlackElo "2130"]
[PlyCount "52"]
[EventDate "2024.08.11"]
[EventType "swiss"]
[EventRounds "9"]
[EventCountry "ESP"]
[SourceTitle "EXT 2025"]
[Source "ChessBase"]
[SourceDate "2024.10.14"]
[SourceVersion "1"]
[SourceVersionDate "2024.10.14"]
[SourceQuality "1"]

1. e4 c5 2. Nc3 d6 3. f4 g6 4. Nf3 Bg7 5. Bc4 Nc6 6. 0-0 e6 7. d4 cxd4 8. Nb5 Nge7 9. Nbxd4 d5 10. exd5 exd5 11. Bb3 0-0 12. c3 Bg4 13. Be3 Na5 14. Qd2 Nc4 15. Bxc4 dxc4 16. h3 Bd7 17. Ne5 Qc8 18. Nxd7 Qxd7 19. f5 Bxd4 20. Bxd4 Nxf5 21. Rxf5 Qxf5 22. Rf1 Qh5 23. Qf4 f6 24. Qc7 Qd5 25. b3 Rac8 26. bxc4 Qxd4+ 0-1

[Event "Badalona op 48th"]
[Site "Badalona"]
[Date "2024.08.04"]
[Round "3"]
[White "Diaz Perez, Michel Alejandro"]
[Black "Singh, Siddharth"]
[Result "1-0"]
[WhiteElo "2487"]
[BlackElo "2130"]
[PlyCount "83"]
[EventDate "2024.08.02"]
[EventType "swiss"]
[EventRounds "9"]
[EventCountry "ESP"]
[SourceTitle "CBM 221 Extra"]
[Source "ChessBase"]
[SourceDate "2024.09.30"]
[SourceVersion "1"]
[SourceVersionDate "2024.09.30"]
[SourceQuality "1"]

1. e4 c5 2. Nf3 d6 3. d4 cxd4 4. Nxd4 Nf6 5. Nc3 a6 6. a4 e5 7. Nf3 Be7 8. Bc4 Be6 9. Bb3 h6 10. 0-0 0-0 11. Qe2 Nbd7 12. Be3 Rc8 13. Nd2 Qc7 14. a5 Nc5 15. Bxc5 Qxc5 16. Qf3 Nd7 17. Rfd1 Qc7 18. Nf1 Nc5 19. Nd5 Bxd5 20. Bxd5 Nd7 21. Ne3 Bg5 22. Nf5 g6 23. h4 Bd8 24. Bxf7+ Kxf7 25. Qb3+ d5 26. Rxd5 gxf5 27. Rxd7+ Kf6 28. Rxc7 Rxc7 29. exf5 Re8 30. Rd1 Kxf5 31. Rd6 e4 32. Qh3+ Ke5 33. Qg3+ Kf5 34. Rxd8 Rxd8 35. Qxc7 Rd5 36. Qxb7 Re5 37. Qxa6 h5 38. Qc8+ Kf4 39. Qc7 e3 40. fxe3+ Kg4 41. Qxe5 Kxh4 42. Qf4# 1-0